书目信息 |
| 题名: |
古代罗马的奴隶起义
|
|
| 作者: | 易水 编写 | |
| 分册: | ||
| 出版信息: | 北京 人民出版社 1973 |
|
| 页数: | 55页 | |
| 开本: | 20cm | |
| 丛书名: | 《学点历史》丛书 | |
| 单 册: | ||
| 中图分类: | K126 | |
| 科图分类: | ||
| 主题词: | 世界史:古代史 , 奴隶制城邦 | |
| 电子资源: | ||
| ISBN: | ||
| 000 | 00647nam0 2200241 450 | |
| 001 | 0637343658 | |
| 005 | 20070926150945.07 | |
| 010 | @dCNY0.13 | |
| 100 | @a20060801d1973 km y0chiy0120 ea | |
| 101 | 0 | @achi |
| 102 | @aCN@b110000 | |
| 102 | @aCN@b110000 | |
| 200 | 1 | @a古代罗马的奴隶起义@Agu dai luo ma de nu li qi yi@f易水编写@Fyi shui bian xie |
| 210 | @a北京@c人民出版社@d1973 | |
| 215 | @a55页@d20cm | |
| 225 | 2 | @a《学点历史》丛书 |
| 410 | 0 | @12001 @a《学点历史》丛书 |
| 606 | 0 | @a世界史:古代史 |
| 606 | 0 | @a奴隶制城邦 |
| 690 | @aK126@v3 | |
| 701 | 0 | @a易水@Ayi shui@4编写 |
| 801 | 0 | @aCN@bPFT@c20070926 |
| 905 | @a10447@dK126@e130 | |
| 古代罗马的奴隶起义/易水编写.-北京:人民出版社,1973 |
| 55页;20cm.-(《学点历史》丛书) |
| ISBN :CNY0.13 |
| ● |
| 相关链接 |
|
|
|
|
正题名:古代罗马的奴隶起义
索取号:K126/130
 
预约/预借
| 序号 | 登录号 | 条形码 | 馆藏地/架位号 | 状态 | 备注 |
| 1 | 0444065 | 204440658 | 密集书库/ [索取号:K126/130] | 在馆 | |
| 2 | 0465148 | 204651484 | 密集书库/ [索取号:K126/130] | 在馆 | |
| 3 | 0609295 | 206092958 | 密集书库/ [索取号:K126/130] | 在馆 |